000 00706nam a2200253Ia 4500
003 OSt
005 20220928111000.0
006 a|||||r|||| 00| 0
007 ta
008 220927b |||||||| |||| 00| 0 eng d
020 _c699
024 _a126739
037 _b280, 13/02/2015, Classic Book Service
_cTextual
040 _aSDCL
_cSDCL
_beng
041 _2eng
_aeng
082 _aU5.2'M, Q1
100 _aGhosh Amitav
_9391733
245 0 _aRiver of smoke
260 _aNew Delhi
_bPenguin Books
_c2011
300 _a558p.
_ccm.
650 _aPolitical Science
942 _hU5.2'M, Q1
_cTEXL
_2CC
999 _c737417
_d737417